000 00346nam a22001577a 4500
005 20160620123505.0
008 160620b xxu||||| |||| 00| 0 eng d
020 _a0-19-566991-6
041 _aeng
082 _b8500
245 _aDictionary of Science
260 _bOxford
_c2005
300 _a850
650 _aManagement
_9241
942 _cBK
999 _c3259
_d3258